00577nam a2200181 i 4500001001100000003000500011005001700016008004100033040002500074082002000099245004000119264007700159300005200236336002100288337002500309338002300334650003800357C2-0322004PPAK20180728121038.0130327s1996 my a|||| ||||| | may d aPPAKbengcPPAKerda04a020.959511222300aKertas konsep Kampung Buku Langkawi 1aAlor Setar, Kedah : bPerbadanan Perpustakaan Awam Negeri Kedah , c1996 a1 volume (unpaged) : billustrations ; c30 cm. 2rdacontentatext 2rdamediaaunmediated 2rdacarrieravolume10aKampung Buku Malaysia - Langkawi.